[Event "WCO 2016"]
[Site "?"]
[Date "2016.09.11"]
[Round "9"]
[Board "20"]
[WhiteID "5600723"]
[White "Klotz Jutta"]
[BlackID "9004319"]
[Black "Ibrahimi Khadija "]
[Result "0-1"]
[BlackElo "1565"]
[WhiteElo "1490"]
[LiveChessVersion "1.4.8"]

1. c4 {[%clk 1:30:56]} e5 {[%clk 1:30:48]} 2. Nc3 {[%clk 1:31:13]} Nc6
{[%clk 1:30:53]} 3. g3 {[%clk 1:31:34]} f5 {[%clk 1:30:52]} 4. e3
{[%clk 1:30:35]} Nf6 {[%clk 1:30:09]} 5. Bg2 {[%clk 1:30:35]} d6 {[%clk 1:29:25]}
6. Nge2 {[%clk 1:30:52]} Be7 {[%clk 1:29:39]} 7. O-O {[%clk 1:31:10]} O-O
{[%clk 1:29:52]} 8. d3 {[%clk 1:29:45]} Qe8 {[%clk 1:27:35]} 9. Bd2
{[%clk 1:26:52]} Nd8 {[%clk 1:25:08]} 10. Rb1 {[%clk 1:24:14]} Ne6
{[%clk 1:23:53]} 11. b4 {[%clk 1:20:00]} Qh5 {[%clk 1:21:09]} 12. f4
{[%clk 1:16:45]} Ng4 {[%clk 1:14:54]} 13. h3 {[%clk 1:11:40]} Nh6
{[%clk 1:12:51]} 14. Nd5 {[%clk 1:11:14]} Bd8 {[%clk 1:11:33]} 15. b5
{[%clk 1:09:10]} g5 {[%clk 1:09:32]} 16. fxg5 {[%clk 1:01:58]} Nxg5
{[%clk 1:09:20]} 17. h4 {[%clk 0:59:31]} Ng4 {[%clk 1:06:58]} 18. d4
{[%clk 0:57:16]} Ne6 {[%clk 0:57:14]} 19. Qc2 {[%clk 0:38:22]} Bxh4
{[%clk 0:51:54]} 20. Rf3 {[%clk 0:32:39]} Bd8 {[%clk 0:50:28]} 21. Kf1
{[%clk 0:27:48]} Nh2+ {[%clk 0:46:56]} 22. Kf2 {[%clk 0:25:49]} Nxf3
{[%clk 0:43:55]} 23. Bxf3 {[%clk 0:26:10]} Qg6 {[%clk 0:43:35]} 24. Rg1
{[%clk 0:21:55]} Ng5 {[%clk 0:39:23]} 25. Bh1 {[%clk 0:20:20]} Nh3+
{[%clk 0:39:08]} 26. Kg2 {[%clk 0:18:36]} Nxg1 {[%clk 0:39:31]} 27. Nxg1
{[%clk 0:17:43]} c6 {[%clk 0:37:59]} 28. Nc3 {[%clk 0:12:29]} Qg7
{[%clk 0:36:15]} 29. d5 {[%clk 0:08:51]} c5 {[%clk 0:33:20]} 30. Be1
{[%clk 0:07:02]} f4 {[%clk 0:31:00]} 31. exf4 {[%clk 0:06:14]} exf4
{[%clk 0:25:55]} 32. Ne4 {[%clk 0:06:27]} Bf5 {[%clk 0:25:48]} 33. Ne2
{[%clk 0:05:42]} f3+ {[%clk 0:25:19]} 34. Kg1 {[%clk 0:05:25]} fxe2
{[%clk 0:25:31]} 35. Qxe2 {[%clk 0:05:27]} Bxe4 {[%clk 0:23:57]} 36. Bxe4
{[%clk 0:04:37]} Bf6 {[%clk 0:23:47]} 37. Qd3 {[%clk 0:03:38]} Bd4+
{[%clk 0:23:48]} 38. Kg2 {[%clk 0:03:53]} Rae8 {[%clk 0:23:28]} 39. Qb1
{[%clk 0:02:12]} Qg4 {[%clk 0:23:37]} 40. a4 {[%clk 0:32:03]} Rxe4
{[%clk 0:53:54]} 41. a5 {[%clk 0:30:20]} Re2+ {[%clk 0:54:10]} 0-1

[Event "WCO 2016"]
[Site "?"]
[Date "2016.09.11"]
[Round "9"]
[Board "21"]
[WhiteID "12100625"]
[White "Al-khelaifi Aisha"]
[BlackID "6101496"]
[Black "Mendieta Kathya"]
[Result "0-1"]
[BlackElo "1943"]
[WhiteElo "1685"]
[LiveChessVersion "1.4.8"]

1. e4 {[%clk 1:30:56]} c5 {[%clk 1:30:27]} 2. Nf3 {[%clk 1:31:18]} Nc6
{[%clk 1:30:30]} 3. Bb5 {[%clk 1:31:22]} a6 {[%clk 1:29:55]} 4. Bxc6
{[%clk 1:31:18]} bxc6 {[%clk 1:30:08]} 5. O-O {[%clk 1:31:01]} d6
{[%clk 1:28:25]} 6. d3 {[%clk 1:30:33]} e5 {[%clk 1:28:14]} 7. Nbd2
{[%clk 1:28:16]} Nf6 {[%clk 1:26:59]} 8. c3 {[%clk 1:26:03]} Be7 {[%clk 1:17:34]}
9. h3 {[%clk 1:21:56]} O-O {[%clk 1:16:31]} 10. Nc4 {[%clk 1:18:47]} Be6
{[%clk 1:11:12]} 11. Ne3 {[%clk 1:15:32]} Qc7 {[%clk 1:09:20]} 12. Nh2
{[%clk 1:10:17]} d5 {[%clk 1:05:20]} 13. Neg4 {[%clk 1:08:23]} Nxg4
{[%clk 1:02:09]} 14. Nxg4 {[%clk 1:08:37]} f5 {[%clk 1:02:25]} 15. exf5
{[%clk 1:06:47]} Bxf5 {[%clk 1:02:42]} 16. Re1 {[%clk 1:01:30]} Bd6
{[%clk 0:58:38]} 17. c4 {[%clk 0:56:46]} Kh8 {[%clk 0:52:54]} 18. b3
{[%clk 0:54:09]} Rae8 {[%clk 0:47:53]} 19. Bb2 {[%clk 0:50:22]} d4
{[%clk 0:46:13]} 20. f3 {[%clk 0:49:05]} Qf7 {[%clk 0:44:10]} 21. Qe2
{[%clk 0:46:08]} Qg6 {[%clk 0:39:42]} 22. Nf2 {[%clk 0:39:47]} e4
{[%clk 0:33:32]} 23. dxe4 {[%clk 0:31:21]} Qg3 {[%clk 0:33:10]} 24. Qd3
{[%clk 0:24:39]} Qh2+ {[%clk 0:32:12]} 25. Kf1 {[%clk 0:24:59]} Bd7
{[%clk 0:26:17]} 26. Re2 {[%clk 0:14:33]} Bg3 {[%clk 0:25:38]} 27. Rc1
{[%clk 0:11:19]} Re5 {[%clk 0:23:10]} 28. b4 {[%clk 0:06:26]} Rg5
{[%clk 0:21:17]} 29. bxc5 {[%clk 0:05:54]} Bf4 {[%clk 0:19:37]} 30. g4
{[%clk 0:03:30]} h5 {[%clk 0:14:47]} 31. Ra1 {[%clk 0:01:21]} hxg4
{[%clk 0:14:58]} 32. Bxd4 {[%clk 0:00:49]} gxf3 {[%clk 0:13:08]} 33. Ng4
{[%clk 0:01:00]} fxe2+ {[%clk 0:13:15]} 34. Qxe2 {[%clk 0:01:14]} Be5+
{[%clk 0:12:13]} 35. Ke1 {[%clk 0:00:36]} Qxe2+ {[%clk 0:12:22]} 36. Kxe2
{[%clk 0:00:47]} Bxg4+ {[%clk 0:12:46]} 37. hxg4 {[%clk 0:00:46]} Bxd4
{[%clk 0:13:10]} 0-1

[Event "WCO 2016"]
[Site "?"]
[Date "2016.09.11"]
[Round "9"]
[Board "22"]
[WhiteID "6100694"]
[White "Alarcon Pamela"]
[BlackID "12100382"]
[Black "Al-khulaifi Fatima A."]
[Result "0-1"]
[BlackElo "1584"]
[WhiteElo "1834"]
[LiveChessVersion "1.4.8"]

1. d4 {[%clk 1:30:50]} d5 {[%clk 1:30:55]} 2. c4 {[%clk 1:31:15]} c6
{[%clk 1:31:18]} 3. Nc3 {[%clk 1:31:18]} Nf6 {[%clk 1:31:43]} 4. Nf3
{[%clk 1:31:35]} a6 {[%clk 1:32:05]} 5. cxd5 {[%clk 1:28:35]} cxd5
{[%clk 1:32:27]} 6. Bf4 {[%clk 1:28:31]} Nc6 {[%clk 1:32:45]} 7. Rc1
{[%clk 1:27:22]} Bg4 {[%clk 1:29:00]} 8. Ne5 {[%clk 1:16:27]} Bh5
{[%clk 1:18:47]} 9. Qb3 {[%clk 1:02:22]} e6 {[%clk 1:09:12]} 10. Qxb7
{[%clk 1:01:17]} Na5 {[%clk 1:07:09]} 11. Nc6 {[%clk 0:53:46]} Nxb7
{[%clk 1:04:18]} 12. Nxd8 {[%clk 0:54:10]} Kxd8 {[%clk 1:03:59]} 13. e3
{[%clk 0:54:16]} Bd6 {[%clk 1:01:35]} 14. Bxd6 {[%clk 0:53:59]} Nxd6
{[%clk 1:02:02]} 15. Na4 {[%clk 0:54:22]} Nd7 {[%clk 0:52:36]} 16. Bd3
{[%clk 0:54:20]} Bg6 {[%clk 0:49:35]} 17. Be2 {[%clk 0:54:35]} Ke7
{[%clk 0:45:52]} 18. O-O {[%clk 0:54:41]} Rhc8 {[%clk 0:45:36]} 19. Rxc8
{[%clk 0:54:14]} Rxc8 {[%clk 0:42:08]} 20. Bxa6 {[%clk 0:54:36]} Ra8
{[%clk 0:42:21]} 0-1

[Event "WCO 2016"]
[Site "?"]
[Date "2016.09.11"]
[Round "9"]
[Board "23"]
[WhiteID "12100145"]
[White "Al-Khelaifi Kholoud"]
[BlackID "6102115"]
[Black "Moraga Maria"]
[Result "1/2-1/2"]
[BlackElo "1732"]
[WhiteElo "1492"]
[LiveChessVersion "1.4.8"]

1. d4 {[%clk 1:30:58]} d5 {[%clk 1:30:53]} 2. c4 {[%clk 1:31:15]} e6
{[%clk 1:31:15]} 3. Nc3 {[%clk 1:31:29]} Bb4 {[%clk 1:31:34]} 4. Nf3
{[%clk 1:31:35]} Nf6 {[%clk 1:31:10]} 5. Bg5 {[%clk 1:31:19]} h6 {[%clk 1:31:17]}
6. Bxf6 {[%clk 1:31:10]} Qxf6 {[%clk 1:31:25]} 7. cxd5 {[%clk 1:31:19]} exd5
{[%clk 1:31:04]} 8. Qb3 {[%clk 1:31:21]} Bxc3+ {[%clk 1:30:49]} 9. bxc3
{[%clk 1:31:15]} Qd6 {[%clk 1:28:34]} 10. e3 {[%clk 1:30:03]} O-O
{[%clk 1:27:09]} 11. Bd3 {[%clk 1:28:36]} Nc6 {[%clk 1:20:19]} 12. O-O
{[%clk 1:26:57]} Rb8 {[%clk 1:17:37]} 13. a4 {[%clk 1:23:45]} Bg4
{[%clk 1:11:46]} 14. Nd2 {[%clk 1:23:54]} Rfe8 {[%clk 1:05:32]} 15. Rab1
{[%clk 1:19:44]} b6 {[%clk 0:54:24]} 16. Rfc1 {[%clk 1:16:59]} Re6
{[%clk 0:46:14]} 17. c4 {[%clk 1:15:40]} Na5 {[%clk 0:43:12]} 18. Qa2
{[%clk 1:14:48]} dxc4 {[%clk 0:42:21]} 19. Nxc4 {[%clk 1:14:45]} Nxc4
{[%clk 0:40:29]} 20. Qxc4 {[%clk 1:11:32]} Re7 {[%clk 0:34:24]} 21. Qa6
{[%clk 1:09:47]} c6 {[%clk 0:33:33]} 22. a5 {[%clk 1:03:50]} Bc8 {[%clk 0:32:38]}
23. Qc4 {[%clk 1:03:59]} Rc7 {[%clk 0:30:44]} 24. Qc3 {[%clk 0:55:47]} Be6
{[%clk 0:25:13]} 25. Qa1 {[%clk 0:33:47]} c5 {[%clk 0:19:39]} 26. Qa3
{[%clk 0:26:47]} Rd8 {[%clk 0:16:51]} 27. axb6 {[%clk 0:23:50]} axb6
{[%clk 0:16:28]} 28. Qa6 {[%clk 0:24:00]} Rb8 {[%clk 0:11:06]} 29. dxc5
{[%clk 0:23:05]} Rxc5 {[%clk 0:10:39]} 30. Rxc5 {[%clk 0:21:43]} Qxc5
{[%clk 0:10:53]} 31. h3 {[%clk 0:17:18]} Qc7 {[%clk 0:09:41]} 32. Ra1
{[%clk 0:11:40]} g6 {[%clk 0:06:45]} 33. Be2 {[%clk 0:08:25]} Bd5
{[%clk 0:05:42]} 34. Rd1 {[%clk 0:05:45]} Qc6 {[%clk 0:04:04]} 35. Bb5
{[%clk 0:03:57]} Qc5 {[%clk 0:03:23]} 36. Qa7 {[%clk 0:02:49]} Ra8
{[%clk 0:02:25]} 37. Qd7 {[%clk 0:02:12]} Be6 {[%clk 0:02:08]} 38. Qd3
{[%clk 0:01:44]} Rc8 {[%clk 0:00:46]} 39. Ba6 {[%clk 0:01:52]} Bc4
{[%clk 0:00:46]} 40. Bxc4 {[%clk 0:31:40]} Qxc4 {[%clk 0:31:15]} 41. Qd6
{[%clk 0:31:57]} Qc5 {[%clk 0:27:26]} 42. Qf4 {[%clk 0:29:13]} Kg7
{[%clk 0:25:18]} 43. Rd7 {[%clk 0:26:21]} Qc4 {[%clk 0:22:34]} 44. Qe5+
{[%clk 0:24:59]} Kg8 {[%clk 0:21:34]} 45. Rb7 {[%clk 0:19:17]} Qc6
{[%clk 0:14:16]} 46. Qe7 {[%clk 0:18:42]} Rf8 {[%clk 0:14:05]} 47. Rc7
{[%clk 0:15:24]} Qe8 {[%clk 0:13:15]} 48. Qb4 {[%clk 0:15:11]} Qb8
{[%clk 0:13:11]} 49. Rc6 {[%clk 0:15:21]} Rd8 50. g3 {[%clk 0:14:14]} b5
{[%clk 0:11:56]} 51. Rc5 {[%clk 0:14:12]} Qb7 {[%clk 0:11:25]} 52. e4
{[%clk 0:12:28]} Rb8 {[%clk 0:10:44]} 53. Rd5 {[%clk 0:11:45]} Qc6
{[%clk 0:09:39]} 54. Rc5 {[%clk 0:11:36]} Qb6 {[%clk 0:09:42]} 55. Rd5
{[%clk 0:10:23]} Qb7 {[%clk 0:08:26]} 56. Rd4 {[%clk 0:10:02]} Rc8
{[%clk 0:08:04]} 57. Qd2 {[%clk 0:09:37]} Qb6 {[%clk 0:07:33]} 58. Qb2
{[%clk 0:08:13]} Qc5 {[%clk 0:06:38]} 59. Kg2 {[%clk 0:07:37]} Rb8
{[%clk 0:06:03]} 60. Rd5 {[%clk 0:07:48]} Qc4 {[%clk 0:06:08]} 61. Rd4
{[%clk 0:07:49]} Qc5 {[%clk 0:05:56]} 62. Rd5 {[%clk 0:05:44]} Qc4
{[%clk 0:06:03]} 63. Rd4 {[%clk 0:05:23]} Qc5 {[%clk 0:05:47]} 1/2-1/2

[Event "WCO 2016"]
[Site "?"]
[Date "2016.09.11"]
[Round "9"]
[Board "24"]
[WhiteID "6102387"]
[White "Leon Sandoval Johan"]
[BlackID "12100510"]
[Black "Safar Alshaymaa"]
[Result "1-0"]
[BlackElo "1603"]
[WhiteElo "1703"]
[LiveChessVersion "1.4.8"]

1. c4 {[%clk 1:30:44]} e5 {[%clk 1:30:46]} 2. Nc3 {[%clk 1:31:06]} Nf6
{[%clk 1:31:03]} 3. g3 {[%clk 1:31:25]} d5 {[%clk 1:30:39]} 4. cxd5
{[%clk 1:31:16]} Nxd5 {[%clk 1:30:59]} 5. Bg2 {[%clk 1:31:31]} Nb6
{[%clk 1:29:51]} 6. Nf3 {[%clk 1:31:08]} Nc6 {[%clk 1:30:06]} 7. d3
{[%clk 1:31:15]} Be7 {[%clk 1:29:35]} 8. O-O {[%clk 1:31:22]} O-O
{[%clk 1:29:14]} 9. a3 {[%clk 1:30:50]} Re8 {[%clk 1:26:05]} 10. b4
{[%clk 1:30:14]} Bf8 {[%clk 1:25:45]} 11. Bb2 {[%clk 1:30:14]} Bg4
{[%clk 1:22:00]} 12. Rc1 {[%clk 1:26:14]} a5 {[%clk 1:19:37]} 13. b5
{[%clk 1:22:08]} Nd4 {[%clk 1:19:58]} 14. Nd2 {[%clk 1:19:26]} Qc8
{[%clk 1:08:42]} 15. Re1 {[%clk 1:18:01]} f6 {[%clk 0:56:30]} 16. a4
{[%clk 1:14:24]} Bh3 {[%clk 0:47:57]} 17. Bh1 {[%clk 1:12:41]} Ra7
{[%clk 0:43:40]} 18. Nb3 {[%clk 1:08:00]} Nxb3 {[%clk 0:39:04]} 19. Qxb3+
{[%clk 1:07:31]} Be6 {[%clk 0:38:46]} 20. Qc2 {[%clk 1:06:09]} Bb4
{[%clk 0:36:51]} 21. Ra1 {[%clk 1:04:21]} Qd7 {[%clk 0:33:22]} 22. Rec1
{[%clk 1:03:35]} Rc8 {[%clk 0:30:32]} 23. Ne4 {[%clk 1:00:14]} Bd5 24. Nc5
{[%clk 0:50:36]} Bxc5 {[%clk 0:22:39]} 25. Qxc5 {[%clk 0:46:32]} Bxh1
{[%clk 0:21:58]} 26. Kxh1 {[%clk 0:43:25]} Qd5+ {[%clk 0:20:44]} 27. Kg1
{[%clk 0:34:57]} Qxc5 {[%clk 0:19:48]} 28. Rxc5 {[%clk 0:34:46]} Kf7
{[%clk 0:17:38]} 29. d4 {[%clk 0:34:49]} Nd7 {[%clk 0:09:31]} 30. Rc2
{[%clk 0:34:32]} exd4 {[%clk 0:07:44]} 31. Bxd4 {[%clk 0:34:32]} b6
{[%clk 0:08:02]} 32. Rac1 {[%clk 0:33:53]} Rb7 {[%clk 0:06:58]} 33. f4
{[%clk 0:33:13]} Nf8 {[%clk 0:05:05]} 34. f5 {[%clk 0:26:44]} Nd7
{[%clk 0:03:19]} 35. Kf2 {[%clk 0:25:18]} Ke7 {[%clk 0:02:35]} 36. Rc6
{[%clk 0:24:55]} Kd8 {[%clk 0:01:40]} 37. e4 {[%clk 0:23:44]} Nb8
{[%clk 0:00:35]} 38. Re6 {[%clk 0:20:54]} Kd7 {[%clk 0:00:34]} 39. Rd1
{[%clk 0:20:09]} 1-0

[Event "WCO 2016"]
[Site "?"]
[Date "2016.09.11"]
[Round "9"]
[Board "21"]
[WhiteID "6203191"]
[White "Atikankhotchasee Manunthon"]
[BlackID "14100754"]
[Black "Baklanova Tatiana"]
[Result "0-1"]
[BlackElo "2200"]
[WhiteElo "1696"]
[LiveChessVersion "1.4.8"]

1. d4 {[%clk 1:30:55]} g6 {[%clk 1:30:55]} 2. e4 {[%clk 1:31:03]} Bg7
{[%clk 1:31:13]} 3. Nc3 {[%clk 1:31:27]} d6 {[%clk 1:29:34]} 4. f4
{[%clk 1:31:46]} Nf6 {[%clk 1:29:48]} 5. e5 {[%clk 1:29:06]} dxe5
{[%clk 1:28:23]} 6. dxe5 {[%clk 1:28:50]} Qxd1+ {[%clk 1:28:38]} 7. Nxd1
{[%clk 1:22:55]} Nd5 {[%clk 1:27:04]} 8. c4 {[%clk 1:19:50]} Nb4 {[%clk 1:26:30]}
9. Ne3 {[%clk 1:16:13]} Bf5 {[%clk 1:21:38]} 10. Nxf5 {[%clk 1:15:54]} gxf5
{[%clk 1:22:03]} 11. Kf2 {[%clk 1:15:00]} N8c6 {[%clk 1:21:20]} 12. Nf3
{[%clk 1:11:08]} O-O-O {[%clk 1:16:46]} 13. a3 {[%clk 1:05:26]} Nc2
{[%clk 1:09:57]} 14. Rb1 {[%clk 1:05:44]} Rd1 {[%clk 1:08:05]} 15. Ke2
{[%clk 1:04:43]} Rhd8 {[%clk 1:07:07]} 16. Rg1 {[%clk 0:58:54]} Na5
{[%clk 0:58:56]} 17. Kf2 {[%clk 0:56:25]} Nb3 {[%clk 0:53:30]} 18. Be2
{[%clk 0:56:14]} Rxg1 {[%clk 0:53:42]} 19. Kxg1 {[%clk 0:55:46]} e6
{[%clk 0:51:38]} 20. Kf2 {[%clk 0:55:54]} Bf8 {[%clk 0:51:14]} 21. Ne1
{[%clk 0:53:26]} Bc5+ {[%clk 0:50:47]} 22. Kf1 {[%clk 0:53:34]} Rd2
{[%clk 0:43:02]} 23. Nf3 {[%clk 0:47:15]} Ne3+ {[%clk 0:42:36]} 24. Ke1
{[%clk 0:45:59]} Nxg2+ {[%clk 0:42:19]} 25. Kf1 {[%clk 0:46:21]} Rc2
{[%clk 0:39:55]} 26. Ng5 {[%clk 0:38:21]} Nxc1 {[%clk 0:38:49]} 27. Kxg2
{[%clk 0:37:57]} Nxe2 {[%clk 0:38:26]} 28. Kf3 {[%clk 0:35:57]} Ng1+
{[%clk 0:36:26]} 29. Kg3 {[%clk 0:36:14]} Bf2+ {[%clk 0:36:38]} 30. Kg2
{[%clk 0:36:23]} Be3+ {[%clk 0:35:11]} 31. Kg3 {[%clk 0:35:41]} Ne2+
{[%clk 0:34:58]} 32. Kf3 {[%clk 0:32:28]} Bxf4 {[%clk 0:35:21]} 33. Nxf7
{[%clk 0:32:43]} Bc1 {[%clk 0:35:38]} 34. Rxc1 {[%clk 0:31:58]} Nxc1
{[%clk 0:36:02]} 35. Ng5 {[%clk 0:32:10]} Rxh2 {[%clk 0:35:24]} 36. Nxe6
{[%clk 0:32:29]} Nd3 {[%clk 0:35:41]} 37. b4 {[%clk 0:31:44]} Kd7
{[%clk 0:35:40]} 38. Ng5 {[%clk 0:31:48]} Nxe5+ {[%clk 0:35:51]} 39. Kg3
{[%clk 0:32:01]} Rh5 {[%clk 0:35:54]} 40. Kf4 {[%clk 1:02:05]} Rxg5
{[%clk 1:06:01]} 0-1

[Event "WCO 2016"]
[Site "?"]
[Date "2016.09.11"]
[Round "9"]
[Board "22"]
[WhiteID "14122294"]
[White "Lagutina Olga"]
[BlackID "6201563"]
[Black "Atthaworadej Worasuda"]
[Result "1/2-1/2"]
[BlackElo "1748"]
[WhiteElo "1910"]
[LiveChessVersion "1.4.8"]

1. d4 {[%clk 1:30:55]} Nf6 {[%clk 1:30:50]} 2. c4 {[%clk 1:31:20]} g6
{[%clk 1:31:12]} 3. Nc3 {[%clk 1:31:31]} d5 {[%clk 1:31:32]} 4. e3
{[%clk 1:31:12]} Bg7 {[%clk 1:31:39]} 5. Nf3 {[%clk 1:31:08]} O-O
{[%clk 1:31:24]} 6. Be2 {[%clk 1:31:18]} c5 {[%clk 1:30:28]} 7. dxc5
{[%clk 1:27:53]} Qa5 {[%clk 1:26:18]} 8. O-O {[%clk 1:25:40]} dxc4
{[%clk 1:23:38]} 9. Bxc4 {[%clk 1:08:41]} Qxc5 {[%clk 1:21:26]} 10. Qb3
{[%clk 1:01:09]} Nc6 {[%clk 1:18:28]} 11. Na4 {[%clk 0:59:44]} Qb4
{[%clk 1:11:18]} 12. Qxb4 {[%clk 0:54:53]} Nxb4 {[%clk 1:11:37]} 13. Bd2
{[%clk 0:54:25]} Nc6 {[%clk 1:09:39]} 14. Bc3 {[%clk 0:53:20]} b6
{[%clk 1:01:36]} 15. Rac1 {[%clk 0:46:58]} Bb7 {[%clk 1:00:49]} 16. Rfd1
{[%clk 0:35:18]} Rfd8 {[%clk 0:57:18]} 17. h3 {[%clk 0:25:08]} Rac8
{[%clk 0:53:34]} 18. Bb5 {[%clk 0:22:08]} Rxd1+ {[%clk 0:31:57]} 19. Rxd1
{[%clk 0:22:08]} Rd8 {[%clk 0:30:57]} 20. Rxd8+ {[%clk 0:17:24]} Nxd8
{[%clk 0:31:10]} 21. Bc4 {[%clk 0:13:53]} Ne4 {[%clk 0:21:01]} 22. Bxg7
{[%clk 0:13:19]} Kxg7 {[%clk 0:21:19]} 23. Bd3 {[%clk 0:09:07]} Ne6
{[%clk 0:15:07]} 24. Kf1 {[%clk 0:08:24]} N6c5 {[%clk 0:08:20]} 25. Nxc5
{[%clk 0:06:50]} Nxc5 {[%clk 0:08:32]} 26. Bc4 {[%clk 0:06:14]} Bxf3
{[%clk 0:05:39]} 27. gxf3 {[%clk 0:06:42]} Kf6 {[%clk 0:05:03]} 28. Ke1
{[%clk 0:06:07]} e6 {[%clk 0:02:06]} 29. Kd2 {[%clk 0:06:04]} Ke5
{[%clk 0:02:05]} 30. Bb5 {[%clk 0:05:06]} g5 {[%clk 0:01:12]} 31. Be8 1/2-1/2

[Event "WCO 2016"]
[Site "?"]
[Date "2016.09.11"]
[Round "9"]
[Board "23"]
[WhiteID "6200117"]
[White "Taweesupmun Chanida"]
[BlackID "14124530"]
[Black "Myronenko Natalya"]
[Result "0-1"]
[BlackElo "1922"]
[WhiteElo "1773"]
[LiveChessVersion "1.4.8"]

1. d4 {[%clk 1:30:57]} d5 {[%clk 1:30:49]} 2. c4 {[%clk 1:31:17]} e6
{[%clk 1:31:13]} 3. Nf3 {[%clk 1:31:39]} Nf6 {[%clk 1:31:36]} 4. Nc3
{[%clk 1:31:44]} c6 {[%clk 1:31:16]} 5. Bf4 {[%clk 1:30:39]} Bd6 {[%clk 1:28:15]}
6. Bxd6 {[%clk 1:29:05]} Qxd6 {[%clk 1:28:27]} 7. c5 {[%clk 1:28:00]} Qc7
{[%clk 1:28:33]} 8. e3 {[%clk 1:28:04]} Nbd7 {[%clk 1:28:27]} 9. b4
{[%clk 1:27:20]} a6 {[%clk 1:28:27]} 10. Be2 {[%clk 1:26:37]} e5 {[%clk 1:28:07]}
11. O-O {[%clk 1:23:36]} e4 {[%clk 1:25:59]} 12. Nd2 {[%clk 1:23:49]} O-O
{[%clk 1:23:30]} 13. a4 {[%clk 1:24:04]} Ne8 {[%clk 1:19:56]} 14. b5
{[%clk 1:22:44]} axb5 {[%clk 1:16:41]} 15. axb5 {[%clk 1:23:04]} Rxa1
{[%clk 1:17:04]} 16. Qxa1 {[%clk 1:23:28]} f5 {[%clk 1:17:06]} 17. Qa2
{[%clk 1:22:00]} Ndf6 {[%clk 1:16:35]} 18. Ra1 {[%clk 1:21:15]} f4
{[%clk 1:11:41]} 19. Ndxe4 {[%clk 1:19:14]} Nxe4 {[%clk 1:11:24]} 20. Nxe4
{[%clk 1:19:34]} fxe3 {[%clk 1:11:50]} 21. fxe3 {[%clk 1:18:44]} Qe7
{[%clk 1:11:33]} 22. Bf3 {[%clk 1:14:03]} Kh8 {[%clk 1:11:40]} 23. Nf2
{[%clk 1:11:05]} Qxe3 {[%clk 1:11:22]} 24. bxc6 {[%clk 1:10:37]} Qxd4
{[%clk 1:03:09]} 25. Qa8 {[%clk 0:51:31]} bxc6 {[%clk 0:44:12]} 26. Rd1
{[%clk 0:50:50]} Qxc5 {[%clk 0:44:14]} 27. Qxc8 {[%clk 0:50:57]} Nf6
{[%clk 0:44:42]} 28. Qa6 {[%clk 0:44:25]} Ne4 {[%clk 0:30:00]} 29. Qf1
{[%clk 0:40:18]} Nc3 {[%clk 0:24:17]} 30. Rd2 {[%clk 0:37:36]} h6
{[%clk 0:17:16]} 31. h3 {[%clk 0:35:00]} Ne4 {[%clk 0:17:17]} 32. Ra2
{[%clk 0:28:13]} Ng5 {[%clk 0:16:09]} 33. Qd1 {[%clk 0:25:22]} Qe3
{[%clk 0:12:26]} 34. Kh1 {[%clk 0:22:18]} d4 {[%clk 0:06:16]} 35. Ng4
{[%clk 0:21:01]} Qe6 {[%clk 0:04:37]} 36. Re2 {[%clk 0:12:30]} Qd6
{[%clk 0:04:26]} 37. Ne5 {[%clk 0:10:55]} c5 {[%clk 0:04:09]} 38. Qd3
{[%clk 0:08:34]} Nxf3 {[%clk 0:03:41]} 39. Ng6+ {[%clk 0:07:59]} Kg8
{[%clk 0:04:08]} 40. Qc4+ {[%clk 0:33:56]} Rf7 {[%clk 0:31:37]} 41. Re8+
{[%clk 0:30:15]} Kh7 {[%clk 0:31:45]} 42. gxf3 {[%clk 0:23:52]} Qxg6
{[%clk 0:31:50]} 43. Kh2 {[%clk 0:18:24]} Qf5 {[%clk 0:30:33]} 44. Re2
{[%clk 0:00:55]} Qxf3 {[%clk 0:28:46]} 45. Rg2 {[%clk 0:00:57]} Qf4+
{[%clk 0:26:27]} 46. Kh1 {[%clk 0:00:37]} Qf1+ {[%clk 0:26:43]} 0-1

[Event "WCO 2016"]
[Site "?"]
[Date "2016.09.11"]
[Round "9"]
[Board "24"]
[WhiteID "14122103"]
[White "Gonchar Svitlana"]
[BlackID "6202179"]
[Black "Vongvastana Chananchida"]
[Result "1/2-1/2"]
[BlackElo "1594"]
[WhiteElo "1807"]
[LiveChessVersion "1.4.8"]

1. d4 {[%clk 1:30:49]} Nf6 {[%clk 1:30:52]} 2. c4 {[%clk 1:31:12]} g6
{[%clk 1:31:15]} 3. Nc3 {[%clk 1:31:36]} d5 {[%clk 1:31:39]} 4. cxd5
{[%clk 1:30:57]} Nxd5 {[%clk 1:31:56]} 5. e4 {[%clk 1:31:06]} Nxc3
{[%clk 1:31:25]} 6. bxc3 {[%clk 1:27:11]} Bg7 {[%clk 1:31:43]} 7. Nf3
{[%clk 1:17:19]} O-O {[%clk 1:19:24]} 8. Be2 {[%clk 1:16:18]} c5 {[%clk 1:15:19]}
9. Bb2 {[%clk 1:04:39]} Qa5 {[%clk 1:07:14]} 10. O-O {[%clk 1:04:32]} cxd4
{[%clk 0:46:15]} 11. cxd4 {[%clk 1:04:30]} Bg4 {[%clk 0:43:12]} 12. Qb3
{[%clk 1:02:03]} b6 {[%clk 0:35:01]} 13. Rac1 {[%clk 0:58:37]} Nd7
{[%clk 0:30:22]} 14. Bb5 {[%clk 0:42:37]} a6 {[%clk 0:29:08]} 15. Bxd7
{[%clk 0:33:31]} Bxd7 {[%clk 0:29:22]} 16. Rc7 Qb5 {[%clk 0:21:25]} 17. Rfc1
{[%clk 0:16:08]} Rfe8 {[%clk 0:11:54]} 18. Ba3 {[%clk 0:12:33]} Qxb3
{[%clk 0:06:00]} 19. axb3 {[%clk 0:12:54]} Bg4 {[%clk 0:06:09]} 20. d5
{[%clk 0:10:18]} Bxf3 {[%clk 0:04:59]} 21. gxf3 {[%clk 0:10:32]} Kf8
{[%clk 0:03:44]} 22. Rb7 {[%clk 0:08:37]} b5 {[%clk 0:02:07]} 23. Rcc7 Bf6
{[%clk 0:02:08]} 24. f4 {[%clk 0:06:37]} Rab8 {[%clk 0:01:37]} 25. Kg2
{[%clk 0:03:37]} Rxb7 {[%clk 0:01:04]} 26. Rxb7 {[%clk 0:04:00]} Ra8
{[%clk 0:00:55]} 27. Kg3 {[%clk 0:04:14]} h6 {[%clk 0:00:37]} 28. e5
{[%clk 0:04:28]} Bg7 {[%clk 0:00:41]} 29. Rxe7 {[%clk 0:04:43]} Kg8
{[%clk 0:00:53]} 30. Rc7 {[%clk 0:04:53]} a5 {[%clk 0:00:42]} 31. d6
{[%clk 0:02:18]} Bf8 {[%clk 0:00:36]} 32. d7 {[%clk 0:01:47]} Rd8
{[%clk 0:00:32]} 33. Bd6 {[%clk 0:01:49]} Bxd6 {[%clk 0:00:31]} 34. exd6
{[%clk 0:02:01]} Kg7 {[%clk 0:00:53]} 35. Ra7 {[%clk 0:01:37]} a4
{[%clk 0:01:04]} 36. bxa4 {[%clk 0:01:40]} bxa4 {[%clk 0:01:31]} 37. Rxa4
{[%clk 0:02:04]} Rxd7 {[%clk 0:01:49]} 38. Rd4 {[%clk 0:01:37]} Kf6
{[%clk 0:02:17]} 39. Kg4 {[%clk 0:01:50]} h5+ {[%clk 0:01:59]} 40. Kh4
{[%clk 0:31:12]} Kf5 {[%clk 0:31:57]} 41. f3 {[%clk 0:31:19]} Rd8
{[%clk 0:32:20]} 42. d7 {[%clk 0:31:28]} Kf6 {[%clk 0:31:37]} 43. Rd5
{[%clk 0:24:44]} Ke6 {[%clk 0:30:28]} 44. Re5+ {[%clk 0:23:28]} Kf6
{[%clk 0:30:47]} 1/2-1/2